Dinamica e formalizzazione dei diritti umani (Record n. 76675)
[ formato base ]
| 000 -LEADER | |
|---|---|
| fixed length control field | 01223nam a2200301Ia 4500 |
| 001 - CONTROL NUMBER | |
| control field | D4424 |
| 003 - CONTROL NUMBER IDENTIFIER | |
| control field | IT-RoPAU |
| 008 - FIXED-LENGTH DATA ELEMENTS--GENERAL INFORMATION | |
| fixed length control field | 130308s9999 xx 000 0 und d |
| 040 ## - CATALOGING SOURCE | |
| Original cataloging agency | IT-RoPAU |
| 040 ## - CATALOGING SOURCE | |
| Transcribing agency | IT-RoPAU |
| 041 ## - LANGUAGE CODE | |
| Language code of text/sound track or separate title | ITALIANO |
| 999 ## - SYSTEM CONTROL NUMBERS (KOHA) | |
| Koha Dewey Subclass [OBSOLETE] | SI |
| 100 ## - MAIN ENTRY--PERSONAL NAME | |
| Personal name | Casadio Franco Alberto |
| 100 ## - MAIN ENTRY--PERSONAL NAME | |
| Miscellaneous information | Codice Aut. SPICS: 44677 |
| 245 ## - TITLE STATEMENT | |
| Title | Dinamica e formalizzazione dei diritti umani |
| 245 ## - TITLE STATEMENT | |
| Remainder of title | Diritti Umani (I). dottrina e Prassi |
| 250 ## - EDITION STATEMENT | |
| Edition statement | 1a ed. |
| 260 ## - PUBLICATION, DISTRIBUTION, ETC. (IMPRINT) | |
| Place of publication, distribution, etc. | ROMA |
| 260 ## - PUBLICATION, DISTRIBUTION, ETC. (IMPRINT) | |
| Name of publisher, distributor, etc. | Ave |
| 260 ## - PUBLICATION, DISTRIBUTION, ETC. (IMPRINT) | |
| Date of publication, distribution, etc. | 1982 [1° Ed.:1982 - Ed.Ling.Originale:1982] |
| 300 ## - PHYSICAL DESCRIPTION | |
| Extent | "16 p. (prefazione: no ; testo: 16 [pagine: 247-262])" |
| 500 ## - GENERAL NOTE | |
| General note | Condizione della Persona. Dichiarazione Universale, Simbolo di Trasformazione. Quattro convenzioni di Ginevra. convenzioni delle nazioni Unite. Atti del consiglio D'Europa. convenzioni dell'Ilo. Diritti dei paesi Emergenti. lotta Alla Discriminazione. Diritti dei Detenuti e degli Apolidi. Diritti della donna e dei Fanciulli. Diritti Economici e Sociali. Patti Internazionali. Progresso e Cooperazione. Eliminazione della fame e Malnutrizione. |
| 650 ## - SUBJECT ADDED ENTRY--TOPICAL TERM | |
| Topical term or geographic name as entry element | DIRITTO GENERALE |
| 650 ## - SUBJECT ADDED ENTRY--TOPICAL TERM | |
| Relator term | Codice materia Spics: 4601 |
| 942 ## - ADDED ENTRY ELEMENTS (KOHA) | |
| Koha item type | LIBRO |
| 957 ## - | |
| -- | 1 |
| 999 ## - SYSTEM CONTROL NUMBERS (KOHA) | |
| -- | 1 |
| Withdrawn status | Lost status | Damaged status | Not for loan | Home library | Current library | Date acquired | Total Checkouts | Full call number | Date last seen | Price effective from | Koha item type | Public note |
|---|---|---|---|---|---|---|---|---|---|---|---|---|
| Buone Condizioni | Not For Loan | SPICS-MEDIATECA | SPICS-MEDIATECA | 08/03/2013 | D4424 | 08/03/2013 | 08/03/2013 | LIBRO | Progressivo inserimento: 20474 / Copie: 1 Copia Rara: SI / data import: 1 marzo 2013 - By Epidotti, Trombetti, Vaglietti. |